Breath of God : (Record no. 1618)

MARC details
000 -LEADER
fixed length control field 01334cim a2200421 a 4500
001 - CONTROL NUMBER
control field data
005 - DATE AND TIME OF LATEST TRANSACTION
control field 20260322212109.0
007 - PHYSICAL DESCRIPTION FIXED FIELD--GENERAL INFORMATION
fixed length control field data
008 - FIXED-LENGTH DATA ELEMENTS--GENERAL INFORMATION
fixed length control field data
035 ## - SYSTEM CONTROL NUMBER
System control number 12080424
010 ## - LIBRARY OF CONGRESS CONTROL NUMBER
LC control number 99595812
020 ## - INTERNATIONAL STANDARD BOOK NUMBER
International Standard Book Number 1558975535
020 ## - INTERNATIONAL STANDARD BOOK NUMBER
International Standard Book Number 9781558975538
024 1# - OTHER STANDARD IDENTIFIER
Standard number or code 083061530228
028 02 - PUBLISHER OR DISTRIBUTOR NUMBER
Publisher or distributor number CD-5302J
Source Brentwood
035 ## - SYSTEM CONTROL NUMBER
System control number (OCoLC)37204933
040 ## - CATALOGING SOURCE
Original cataloging agency IOS
Language of cataloging eng
Transcribing agency IOS
Modifying agency DLC
-- OCLCF
-- OCLCO
-- OCLCQ
-- DLC
042 ## - AUTHENTICATION CODE
Authentication code lccopycat
050 00 - LIBRARY OF CONGRESS CALL NUMBER
Classification number SDC 94370
082 04 - DEWEY DECIMAL CLASSIFICATION NUMBER
Classification number 220
Item number Bre
245 00 - TITLE STATEMENT
Title Breath of God :
Remainder of title 700 powerful promises from the Word of God.
246 30 - VARYING FORM OF TITLE
Title proper/short title 700 powerful promises from the Word of God
260 ## - PUBLICATION, DISTRIBUTION, ETC.
Place of publication, distribution, etc. Brentwood, Tenn. :
Name of publisher, distributor, etc. Brentwood Music,
Date of publication, distribution, etc. 1993.
300 ## - PHYSICAL DESCRIPTION
Extent 1 audio disc :
Other physical details digital ;
Dimensions 4 3/4 in.
336 ## - CONTENT TYPE
Content type term spoken word
Content type code spw
Source rdacontent
337 ## - MEDIA TYPE
Media type term audio
Media type code s
Source rdamedia
338 ## - CARRIER TYPE
Carrier type term audio disc
Carrier type code sd
Source rdacarrier
500 ## - GENERAL NOTE
General note Compact disc.
500 ## - GENERAL NOTE
General note Scriptural references noted on container insert.
511 0# - PARTICIPANT OR PERFORMER NOTE
Participant or performer note Read by Chuck Millhuff ; with musical background.
630 00 - SUBJECT ADDED ENTRY--UNIFORM TITLE
Uniform title Bible.
630 07 - SUBJECT ADDED ENTRY--UNIFORM TITLE
Uniform title Bible.
Source of heading or term fast
Authority record control number or standard number (OCoLC)fst01356024
700 1# - ADDED ENTRY--PERSONAL NAME
Personal name Millhuff, Chuck.
Relationship nrt
906 ## - LOCAL DATA ELEMENT F, LDF (RLIN)
a 7
b cbc
c copycat
d 2
e ncip
f 20
g y-soundrec
925 0# -
-- acquire
-- 2 shelf copies
-- policy default
985 ## -
-- OCLC
-- Claimed Recordings
Holdings
Withdrawn status Lost status Damaged status Not for loan Home library Current library Shelving location Date acquired Total checkouts Full call number Barcode Date last seen Price effective from Koha item type
        Institut Protestant de Théologie Institut Protestant de Théologie General stacks 22/03/2026   220 LOC-IPT-00009 22/03/2026 22/03/2026 Books